Rock and Roll Song Initials! - Statistics

General Stats
  • This quiz has been taken 36 times
  • The average score is 19 of 96
Answer Stats
Initials Musical Act Song % Correct
LOAP Bon Jovi Livin On A Prayer
86%
A TOTO Africa
64%
C Radiohead Creep
61%
AI Green Day American Idiot
54%
HFT Van Halen Hot For Teacher
54%
BH Weezer Buddy Holly
50%
MFN Dire Straits Money For Nothing
50%
SO6 Bryan Adams Summer of '69
46%
TS Rush Tom Sawyer
46%
WNGTI Twisted Sister We're Not Gonna Take It
46%
B Heart Barracuda
43%
SNA The White Stripes Seven Nation Army
43%
SDM ZZ Top Sharp Dressed Man
43%
AOS Motorhead Ace Of Spades
39%
SISOSIG The Clash Should I Stay Or Should I Go?
39%
SR Foghat Slow Ride
39%
BB Ramones Blitzkrieg Bop
36%
DITD Bruce Springsteen Dancing In The Dark
36%
HOTRS The Animals House Of The Rising Sun
36%
DRC KISS Detroit Rock City
32%
EF Pearl Jam Even Flow
32%
HYESTR Creedence Clearwater Revival Have You Ever Seen The Rain
32%
HSB Nirvana Heart Shaped Box
32%
RNR Led Zeppelin Rock and Roll
32%
SO Alice Cooper School's Out
32%
WP Black Sabbath War Pigs
32%
HTH The Black Crowes Hard To Handle
29%
NMT Ozzy Osbourne No More Tears
29%
BTL Judas Priest Breaking The Law
25%
LS Fleetwood Mac Landslide
25%
TIE The Eagles Take It Easy
25%
WOC Scorpions Wind Of Change
25%
YRGM The Kinks You Really Got Me
25%
ASL Kid Rock All Summer Long
21%
D(LLAL) Aerosmith Dude (Looks Like A Lady)
21%
HS The Beatles Helter Skelter
21%
IWBD Tom Petty & The Heartbreakers I Won't Back Down
21%
MQ Mountain Mississippi Queen
21%
RAR Ratt Round and Round
21%
TD Wheatus Teenage Dirtbag
21%
W Pantera Walk
21%
FA Lenny Kravitz Fly Away
18%
GZ Blue Oyster Cult Godzilla
18%
HS Deep Purple Highway Star
18%
IGA The Beach Boys I Get Around
18%
LB The Black Keys Lonely Boy
18%
SBT Metallica Sad But True
18%
TGGITS Pink Floyd The Great Gig In The Sky
18%
COMWS Kansas Carry On Wayward Son
14%
CLTCL Queen Crazy Little Thing Called Love
14%
HIGA Whitesnake Here I Go Again
14%
IHMFLY Joan Jett I Hate Myself For Loving You
14%
IRY Skid Row I Remember You
14%
ITEOTWAWKI(AIFF) R.E.M. It's The End Of The World As We Know It (And I Feel Fine)
14%
POM Boston Peace Of Mind
14%
SITBR Motley Crue Smokin In The Boys Room
14%
TA Genesis That's All
14%
WAY The Who Who Are You
14%
A Supergrass Alright
11%
DBMD Electric Light Orchestra Don't Bring Me Down
11%
HB Foreigner Hot Blooded
11%
JB Thin Lizzy Jailbreak
11%
SMU The Rolling Stones Start Me Up
11%
TT Iron Maiden The Trooper
11%
BB Sweet Ballroom Blitz
7%
DL Don Henley Dirty Laundry
7%
DKWYG(TIG) Cinderella Don't Know What You Got (Till It's Gone)
7%
HT Greta Van Fleet Highway Tune
7%
KMD Lita Ford Kiss Me Deadly
7%
PG Def Leppard Photograph
7%
SYBG Rainbow Since You've Been Gone
7%
TMTTT Motley Crue Take Me To The Top
7%
TOS Megadeth Tornado Of Souls
7%
UB Poison Unskinny Bop
7%
DB Warrant Down Boys
4%
DYLI Kingdom Come Do You Like It
4%
HLM Steppenwolf Hey Lawdy Mama
4%
IMD Dokken In My Dreams
4%
JCW Queensryche Jet City Woman
4%
MKL Billy Squier My Kinda Lover
4%
OBTS Great White Once Bitten Twice Shy
4%
OTGM Guns And Roses Out Ta Get Me
4%
RITU John Mellencamp R.O.C.K. In The USA
4%
SBC Quiet Riot Slick Black Cadillac
4%
SS Joe Satriani Summer Song
4%
TMWYW Zebra Tell Me What You Want
4%
ASW Firehouse All She Wrote
0%
DMF Traffic Dear Mr. Fantasy
0%
ECEG Winger Easy Come Easy Go
0%
HT Yngwie Malmsteen Heaven Tonight
0%
HFR Y&T Hungry For Rock
0%
R Traveling Wilburys Runaway
0%
SDK Lustra Scotty Doesn't Know
0%
SD Bob Seger Shakedown
0%
STT AC/DC Shoot To Thrill
0%
TG Lynyrd Skynyrd Tuesday's Gone
0%
No matching quizzes found
Score Distribution
Percent of People with Each Score
Percentile by Number Answered
Your Score History
You have not taken this quiz